K problematice metodologie věd (zvláště pak věd ekonomických) z pohledu eticky (t.j. onto-antropologicko-eticky) nomologického
Kantovo filozofické chápanie morálneho zákona interpretovaného antropologicko-ontologicky. Ekonomická ľudská činnosť (a zákony ekonomickej ľudskej činnosti) vo vzťahu ku Kantovmu filozofickému chápaniu morálneho zákona.
Saved in:
| Main Author: | |
|---|---|
| Format: | Book Chapter |
| Language: | Czech |
| Subjects: | |
| Tags: |
No Tags, Be the first to tag this record!
|
MARC
| LEADER | 00000naa a2200000 4500 | ||
|---|---|---|---|
| 001 | r049040 | ||
| 005 | 20231003115611.3 | ||
| 041 | 0 | |a cze | |
| 044 | |a CZ | ||
| 245 | 1 | 0 | |a K problematice metodologie věd (zvláště pak věd ekonomických) z pohledu eticky (t.j. onto-antropologicko-eticky) nomologického |c Vladimír Kyprý |
| 520 | |a Kantovo filozofické chápanie morálneho zákona interpretovaného antropologicko-ontologicky. Ekonomická ľudská činnosť (a zákony ekonomickej ľudskej činnosti) vo vzťahu ku Kantovmu filozofickému chápaniu morálneho zákona. | ||
| 610 | 2 | 0 | |a metodológia vied |
| 610 | 2 | 0 | |a morálka |
| 610 | 2 | 0 | |a filozofia |
| 610 | 2 | 0 | |a vedy spoločenské |
| 610 | 2 | 0 | |a teórie ekonomické |
| 610 | 2 | 0 | |a Kant, I. |
| 100 | 1 | |a Kyprý, Vladimír | |